LEADER 01261nam a2200289 u 4500 001 000000012632 003 CaOOAMICUS 005 20070226105547.0 008 940517s1965 sz u000 u ger u 035 $a10304415 040 $aPUL(R)$bita 100 1 $aOverhage, Paul.$0(OLS)http://pul/name/12006 245 14$aDas Problem der Hominisation :$büber den biologischen Ursprung des Menschen /$cPaul Overhage, Karl Rahner. 250 $a3., bearbeitete Aufl. 260 $aFreiburg :$bHerder,$c1965. 300 $a399 p. ;$c23 cm 490 1 $aQuaestiones disputatae ;$v12-13 504 $aBibliografia: p. 380-399. 650 4$aUomo$xOrigine.$0(OLS)http://pul/subject/9379 700 1 $aRahner, Karl,$cS.I.,$d1904-1984.$0(OLS)http://pul/name/3587 830 0$aQuaestiones disputatae (Herder) ;$v12-13.$0(OLS)http://pul/title/18243 850 $aPUL 852 $aPUL$W1$xSL Religione 2$y84$mTheol A6 12-13$j17841$nBK-PRI$b $qStampati altre collocazioni$B17841$CPULBib$Z2$F17841 $H $81 941 1 $a10 961 $aINV: 29520 996 $6245$aDas Problem der Hominisation :$büber den biologischen Ursprung des Menschen$9(OLS)http://pul/title/18271 996 $6260$aFreiburg :$bHerder$9(OLS)http://pul/publisher/48354 LEADER 01594nam a2200373 a 4500 001 000000156815 003 CaOOAMICUS 005 20161128182506.0 008 161128s2016 it u000 u ita r 020 $a978-88-17-00969-0* 032 $aLibriCat 040 $aPUL$bita 082 14$a270.2 100 0 $aAugustinus,$cs., vesc. d'Ippona,$d354-430.$0(OLS)http://pul/name/1290 245 10$aConfessioni /$cSant'Agostino ; introduzione di Christine Mohrmann ; traduzione di Carlo Vitali. 260 $aMilano :$bRizzoli,$cİ2016. 300 $a418 p. ; $c20 cm. 490 1 $aBUR. Grandi classici 504 $aContiene riferimenti bibliografici. 600 04$aAugustinus,$cs., vesc. d'Ippona,$d354-430.$0(OLS)http://pul/subject/758 700 1 $aMohrmann, Christine,$d1903-1988.$0(OLS)http://pul/name/4670 700 1 $aVitali, Carlo.$0(OLS)http://pul/name/12937 830 0$aBUR.$pGrandi classici.$0(OLS)http://pul/title/196418 850 $aPUL 852 $aPUL$W1$xSL Religione 3$y85$m270. 2 AUGUS 2$j180098$qDDC 21$B183221$CPULBib$Z2$F183221 $H128408 $81 900 $aAgostino,$cs., vesc. d'Ippona,$d354-430$91290 900 $aAgostino, Aurelio,$cs., vesc. d'Ippona$d354-430$91290 941 1 $a9 960 $aAgostino,$cs., vesc. d'Ippona,$d354-430$9758 996 $6020$a978-88-17-00969-0*$9(OLS)http://pul/number/161544 996 $6082$a270.2$9(OLS)http://pul/classification/2181 996 $6245$aConfessioni$9(OLS)http://pul/title/19889 996 $6260$aMilano :$bRizzoli$9(OLS)http://pul/publisher/48712